000 03342cam a2200433 4500500
005 20260322012630.0
041 _afre
042 _adc
100 1 0 _aFraichard, Pascal
_eauthor
700 1 0 _aJustin, Sylvie
_eauthor
700 1 0 _aVerduzier, Thomas
_eauthor
245 0 0 _aSOS DROGUE International : naissance et évolution au cœur d’un enjeu social et politique
260 _c2026.
500 _a94
520 _aLa « toxicomanie » en France a d’abord été abordée sous un angle répressif, avec pour objectif l’éradication des drogues et l’abstinence des usagers. Face à l’échec de ces politiques et à l’émergence du VIH dans les années 1980, un changement de paradigme s’est imposé progressivement, intégrant des approches de réduction des risques. Fondée en 1984 par Jean-Marc Borello, SOS Drogue International s’inscrit dans ce tournant en défendant l’accueil inconditionnel et la dignité des personnes avant toute exigence de soin. L’association contribue au développement de dispositifs innovants comme les Sleep-In, premiers hébergements d’urgence pour usagers de drogues, et les communautés thérapeutiques, combinant soins, accompagnement social et cadre résidentiel. Ces pratiques de terrain influencent durablement les politiques publiques françaises en addictologie. De cette dynamique naît le Groupe SOS, devenu un acteur majeur du secteur social et médico-social, fidèle à une approche humaniste, pragmatique et centrée sur la personne.
520 _aDrug addiction in France was initially addressed from a repressive perspective, with the aim of eradicating drugs and achieving abstinence among users. Faced with the failure of these policies and the emergence of HIV in the 1980s, a paradigm shift gradually took hold, incorporating harm reduction approaches. Founded in 1984 by Jean-Marc Borello, SOS Drogue International is part of this shift, advocating for unconditional acceptance and dignity for individuals above all other care requirements. The association contributes to the development of innovative programs such as Sleep-In, the first emergency accommodation for drug users, and therapeutic communities, combining care, social support, and a residential setting. These practices in the field have had a lasting influence on French public policy in the field of addiction. This dynamic gave rise to Groupe SOS, which has become a major player in the social and medico-social sector, faithful to a humanistic, pragmatic, and person-centered approach.
690 _aabstinence
690 _aaccompagnement social
690 _aaddictologie
690 _aGroupe SOS
690 _amédico-social
690 _apolitiques publiques
690 _apolitiques répressives
690 _aréduction des risques
690 _atoxicomanie
690 _aVIH
690 _aabstinence
690 _aaddiction studies
690 _adrug addiction
690 _aGroupe SOS
690 _aharm reduction
690 _aHIV
690 _amedico-social
690 _apublic policies
690 _arepressive policies
690 _asocial support
786 0 _nPsychotropes | 32 | 1-2 | 2026-03-16 | p. 261-272 | 1245-2092
856 4 1 _uhttps://shs.cairn.info/revue-psychotropes-2026-1-2-page-261?lang=fr&redirect-ssocas=7080
999 _c1774368
_d1774368